_TCP/IP (2nd ed) Architecture,Protocal,and Implementation with IPv6 and IP Security (Record no. 6237)
[ view plain ]
| 000 -LEADER | |
|---|---|
| fixed length control field | 00413nam a2200133Ia 4500 |
| 008 - FIXED-LENGTH DATA ELEMENTS--GENERAL INFORMATION | |
| fixed length control field | 151021s9999 xx 000 0 und d |
| 020 ## - INTERNATIONAL STANDARD BOOK NUMBER | |
| International Standard Book Number | 9.780070265e+012 |
| 245 ## - TITLE STATEMENT | |
| Title | _TCP/IP (2nd ed) Architecture,Protocal,and Implementation with IPv6 and IP Security |
| 260 ## - PUBLICATION, DISTRIBUTION, ETC. (IMPRINT) | |
| Place of publication, distribution, etc. | India McGraw-Hill 1996 |
| 300 ## - PHYSICAL DESCRIPTION | |
| Extent | xxix,577p.;ill |
| 500 ## - GENERAL NOTE | |
| General note | Include Index |
| 650 ## - SUBJECT ADDED ENTRY--TOPICAL TERM | |
| Topical term or geographic name as entry element | _TCP/IP |
| 980 ## - EQUIVALENCE OR CROSS-REFERENCE-SERIES STATEMENT--PERSONAL NAME/TITLE [LOCAL, CANADA] | |
| Personal name | ^d20110120 09:21:34^okilerai |
No items available.